IFM Opac

e-Business (Record no. 2437)

MARC details
000 -LEADER
fixed length control field 00613nam a2200205Ia 4500
003 - CONTROL NUMBER IDENTIFIER
control field OSt
005 - DATE AND TIME OF LATEST TRANSACTION
control field 20220901123154.0
008 - FIXED-LENGTH DATA ELEMENTS--GENERAL INFORMATION
fixed length control field 220901b |||||||| |||| 00| 0 eng d
020 ## - INTERNATIONAL STANDARD BOOK NUMBER
International Standard Book Number 0 470 84376 4
040 ## - CATALOGING SOURCE
Transcribing agency IFM Library
082 ## - DEWEY DECIMAL CLASSIFICATION NUMBER
Classification number 381.142068
100 ## - MAIN ENTRY--PERSONAL NAME
Personal name Papazoglou, Michael P.
9 (RLIN) 8551
245 ## - TITLE STATEMENT
Title e-Business
260 ## - PUBLICATION, DISTRIBUTION, ETC.
Place of publication, distribution, etc. Chichester, West Sussex:
Name of publisher, distributor, etc. John Wiley and Sons,
Date of publication, distribution, etc. 2006
300 ## - PHYSICAL DESCRIPTION
Extent xxviii, 722 p. :
Other physical details ill.; 24cm.
500 ## - GENERAL NOTE
General note Includes Bibliographical References and Index
650 ## - SUBJECT ADDED ENTRY--TOPICAL TERM
Topical term or geographic name entry element Electronic commerceBusiness enterprises
9 (RLIN) 1530
700 ## - ADDED ENTRY--PERSONAL NAME
Personal name Ribbers, Pieter
9 (RLIN) 8552
942 ## - ADDED ENTRY ELEMENTS (KOHA)
Koha item type Books
Source of classification or shelving scheme Dewey Decimal Classification
Suppress in OPAC No
Holdings
Withdrawn status Lost status Source of classification or shelving scheme Damaged status Not for loan Collection code Home library Current library Shelving location Date acquired Source of acquisition Full call number Barcode Date last seen Price effective from Koha item type
    Dewey Decimal Classification     Non-fiction IFM Main Campus Library IFM Main Campus Library Special Reserve Collection 09/01/2022 Purchase 381.142068 PAP 0000013909 05/15/2015 02/19/2022 Books